Atlas de aves playeras y otras aves acuáticas en la Costa Caribe colombiana (Registro nro. 6777)

Detalles MARC
000 -CABECERA
Campo de control 01317cam a2200313 a 4500
005 - FECHA Y HORA DE LA ULTIMA TRANSACCION
Campo de control 20140318094401.0
008 - ELEMENTOS DE LONGITUD FIJA—INFORMACION GENERAL
Campo de control 140317t2008 ck abdogr|||| 00| 0 spa d
020 ## - ISBN
ISBN 9789589870105
041 ## - IDIOMA
Código de idioma para texto/pista de sonido o título separado Español
044 ## - PAÍS DE PUBLICACIÓN
País de publicación Colombia
082 ## - NUMERO DE CLASIFICACION DECIMAL DEWEY
Número de clasificación 598.09861
Número del ítem C153a
090 ## - CLASIFICACIÓN LOCAL
Colección LB
Consecutivo 05422
110 2# - ASIENTO PRINCIPAL--NOMBRE CORPORATIVO
Nombre corporativo o de jurisdicción como elemento de entrada Calidris
245 10 - MENCION DE TITULO
Título Atlas de aves playeras y otras aves acuáticas en la Costa Caribe colombiana
Mención de responsabilidad Calidris, Plan de Conservación para Aves Playeras en Colombia ; Carlos Ruiz Guerra, Richard Johnston-González, Luis Fernando Castillo-Cortés, Yanira Cifuentes-Sarmiento, Diana Eusse, Felipe A. Estela, editores
260 3# - PUBLICACION, DISTRIBUCION, ETC. (PIE DE IMPRENTA)
Lugar de publicación, distribución, etc. Cali
Nombre del editor, distribuidor, etc. Calidris
Fecha de publicación, distribución, etc. 2008
300 ## - DESCRIPCION FISICA
Extensión 72 p.
Otros detalles físicos il., fot., mapas, tablas
Dimensiones 28 cm
504 ## - NOTA DE BIBLIOGRAFIA, ETC.
Nota de bibliografía Incluye bibliografía (páginas 62 - 67)
650 #4 - ASIENTO SECUNDARIO DE MATERIA - TERMINO TEMATICO
Término temático o nombre geográfico como elemento de entrada Aves
Subdivisión general Costeras
Subdivisión geográfica Colombia
650 #4 - ASIENTO SECUNDARIO DE MATERIA - TERMINO TEMATICO
Término temático o nombre geográfico como elemento de entrada Aves
Subdivisión general Protección
Subdivisión geográfica Colombia
650 #4 - ASIENTO SECUNDARIO DE MATERIA - TERMINO TEMATICO
Término temático o nombre geográfico como elemento de entrada Ecosistema
Subdivisión general Área de Estudio
Subdivisión geográfica Colombia
700 1# - ASIENTO SECUNDARIO - NOMBRE PERSONAL
Nombre personal Ruiz Guerra, Carlos
Término de relación ed
700 1# - ASIENTO SECUNDARIO - NOMBRE PERSONAL
Nombre personal Johnston-González, Richard
Término de relación ed
700 1# - ASIENTO SECUNDARIO - NOMBRE PERSONAL
Nombre personal Castillo-Cortés, Luis Fernando
Término de relación ed
700 1# - ASIENTO SECUNDARIO - NOMBRE PERSONAL
Nombre personal Cifuentes-Sarmiento, Yanira
Término de relación ed
700 1# - ASIENTO SECUNDARIO - NOMBRE PERSONAL
Nombre personal Eusse, Diana
Término de relación ed
700 1# - ASIENTO SECUNDARIO - NOMBRE PERSONAL
Nombre personal Estela, Felipe A.
Término de relación ed
710 2# - ASIENTO SECUNDARIO - NOMBRE CORPORATIVO
Nombre corporativo o de jurisdicción como elemento de entrada Plan de Conservación para Aves Playeras en Colombia
942 ## - ELEMENTOS ADICIONALES (KOHA)
Tipo de ítem Impreso
Sistema de clasificación Dewey Decimal Classification
Existencias
Withdrawn status Lost status Sistema de Clasificación Damaged status No para préstamo Colección Inventariado Ubicación Permanente Ubicación actual Fecha de adquisición Fuente de Valor Valor Total Checkouts Número topográfico Inventario / Código de Barras Date last seen Ejemplar Price effective from Forma de adquisición Tipo de material
    Dewey Decimal Classification     General Inventariado 2017 Bogotá Bogotá 17/03/2014 Instituto 39000.00   LB-598.09861 C153a 034267 17/03/2014 Ej. 2 17/03/2014   Libro
    Dewey Decimal Classification     General Inventariado 2017 Sala Fabio Quevedo Sala Fabio Quevedo 17/03/2014 Instituto 39000.00   LB-598.09861 C153a 034270 17/03/2014 Ej. 3 17/03/2014   Libro